000 00663nam a2200193 i 4500
001 24446
003 ES-MaACL
005 20230906153041.0
007 t|
008 021217s1942 sp ||||1| spa d
100 1 _aAntón, Francisco (
_d1880-1970)
_921957
245 1 0 _aMonasterios medievales de la provincia de Valladolid /
_cFrancisco Antón y Casaseca.
250 _a2ª ed. amp.
260 _aValladolid :
_b[s.n.,
_c1942] (
_fImprenta Castellana)
300 _a341 p., 73 lám. :
_bil. ;
_c29 cm.
650 4 _aMonasterios-
_xValladolid (Provincia)
_9155987
651 4 _aValladolid (Provincia)-
_xHistoria.
_9153449
852 _aES-MaACL
_jB-10680
_bR.22240
999 _c24446
_d24446